<?xml version="1.0" encoding="UTF-8"?>
<record
    xmlns:xsi="http://www.w3.org/2001/XMLSchema-instance"
    xsi:schemaLocation="http://www.loc.gov/MARC21/slim http://www.loc.gov/standards/marcxml/schema/MARC21slim.xsd"
    xmlns="http://www.loc.gov/MARC21/slim">

  <leader>00499nam a2200157Ia 4500</leader>
  <controlfield tag="008">231221s9999    xx            000 0 und d</controlfield>
  <datafield tag="020" ind1=" " ind2=" ">
    <subfield code="a">9790000000000</subfield>
  </datafield>
  <datafield tag="041" ind1=" " ind2=" ">
    <subfield code="a">English</subfield>
  </datafield>
  <datafield tag="082" ind1=" " ind2=" ">
    <subfield code="a">343.052  GAU;1</subfield>
  </datafield>
  <datafield tag="100" ind1=" " ind2=" ">
    <subfield code="a">Gaur, V P. Narang, D B. Pujaghai...[et al ]</subfield>
  </datafield>
  <datafield tag="245" ind1=" " ind2="0">
    <subfield code="a">Income tax : Law and practice incorporating income tax act 1961 as amended up to date assessment year 2011-2012</subfield>
  </datafield>
  <datafield tag="250" ind1=" " ind2=" ">
    <subfield code="a">39th rev ed.</subfield>
  </datafield>
  <datafield tag="260" ind1=" " ind2=" ">
    <subfield code="c">2011</subfield>
    <subfield code="b">Kalayani</subfield>
    <subfield code="a">Ludhiana</subfield>
  </datafield>
  <datafield tag="300" ind1=" " ind2=" ">
    <subfield code="a">xxii, 6+96</subfield>
  </datafield>
  <datafield tag="942" ind1=" " ind2=" ">
    <subfield code="c">BM</subfield>
  </datafield>
  <datafield tag="999" ind1=" " ind2=" ">
    <subfield code="c">213018</subfield>
    <subfield code="d">213018</subfield>
  </datafield>
  <datafield tag="952" ind1=" " ind2=" ">
    <subfield code="r">2024-01-26 00:00:00</subfield>
    <subfield code="l">0</subfield>
    <subfield code="o">343.052  GAU;1</subfield>
    <subfield code="p">BM1785</subfield>
    <subfield code="v">297.00</subfield>
    <subfield code="w">2024-01-26</subfield>
    <subfield code="y">BM</subfield>
    <subfield code="1">0</subfield>
    <subfield code="4">0</subfield>
    <subfield code="7">0</subfield>
    <subfield code="8">CL</subfield>
    <subfield code="0">0</subfield>
    <subfield code="a">ML</subfield>
    <subfield code="b">ML</subfield>
    <subfield code="c">CL</subfield>
    <subfield code="d">0000-00-00</subfield>
    <subfield code="e">Book Paradise</subfield>
    <subfield code="g">330.00</subfield>
    <subfield code="E">BM</subfield>
    <subfield code="K">64805</subfield>
    <subfield code="L">30/06/2016</subfield>
    <subfield code="G">RS</subfield>
    <subfield code="F">1</subfield>
    <subfield code="V">33</subfield>
    <subfield code="W">10</subfield>
  </datafield>
  <datafield tag="952" ind1=" " ind2=" ">
    <subfield code="r">2024-01-26 00:00:00</subfield>
    <subfield code="l">0</subfield>
    <subfield code="o">343.052  GAU;2  R</subfield>
    <subfield code="p">BM1786</subfield>
    <subfield code="v">297.00</subfield>
    <subfield code="w">2024-01-26</subfield>
    <subfield code="y">BM</subfield>
    <subfield code="1">0</subfield>
    <subfield code="4">0</subfield>
    <subfield code="7">0</subfield>
    <subfield code="8">CL</subfield>
    <subfield code="0">0</subfield>
    <subfield code="a">ML</subfield>
    <subfield code="b">ML</subfield>
    <subfield code="c">CL</subfield>
    <subfield code="d">0000-00-00</subfield>
    <subfield code="e">Book Paradise</subfield>
    <subfield code="g">330.00</subfield>
    <subfield code="E">BM</subfield>
    <subfield code="K">64805</subfield>
    <subfield code="L">14/07/2016</subfield>
    <subfield code="G">RS</subfield>
    <subfield code="F">1</subfield>
    <subfield code="V">33</subfield>
    <subfield code="W">10</subfield>
  </datafield>
  <datafield tag="952" ind1=" " ind2=" ">
    <subfield code="r">2024-01-26 00:00:00</subfield>
    <subfield code="l">0</subfield>
    <subfield code="o">343.052  GAU;3  R1</subfield>
    <subfield code="p">BM1787</subfield>
    <subfield code="v">297.00</subfield>
    <subfield code="w">2024-01-26</subfield>
    <subfield code="y">BM</subfield>
    <subfield code="1">0</subfield>
    <subfield code="4">0</subfield>
    <subfield code="7">0</subfield>
    <subfield code="8">CL</subfield>
    <subfield code="0">0</subfield>
    <subfield code="a">ML</subfield>
    <subfield code="b">ML</subfield>
    <subfield code="c">CL</subfield>
    <subfield code="d">0000-00-00</subfield>
    <subfield code="e">Book Paradise</subfield>
    <subfield code="g">330.00</subfield>
    <subfield code="E">BM</subfield>
    <subfield code="K">64805</subfield>
    <subfield code="L">05/07/2016</subfield>
    <subfield code="G">RS</subfield>
    <subfield code="F">1</subfield>
    <subfield code="V">33</subfield>
    <subfield code="W">10</subfield>
  </datafield>
  <datafield tag="952" ind1=" " ind2=" ">
    <subfield code="r">2024-01-26 00:00:00</subfield>
    <subfield code="l">0</subfield>
    <subfield code="o">343.052  GAU;4</subfield>
    <subfield code="p">BM1788</subfield>
    <subfield code="v">297.00</subfield>
    <subfield code="w">2024-01-26</subfield>
    <subfield code="y">BM</subfield>
    <subfield code="1">0</subfield>
    <subfield code="4">0</subfield>
    <subfield code="7">0</subfield>
    <subfield code="8">CL</subfield>
    <subfield code="0">0</subfield>
    <subfield code="a">ML</subfield>
    <subfield code="b">ML</subfield>
    <subfield code="c">CL</subfield>
    <subfield code="d">0000-00-00</subfield>
    <subfield code="e">Book Paradise</subfield>
    <subfield code="g">330.00</subfield>
    <subfield code="E">BM</subfield>
    <subfield code="K">64805</subfield>
    <subfield code="L">05/07/2016</subfield>
    <subfield code="G">RS</subfield>
    <subfield code="F">1</subfield>
    <subfield code="V">33</subfield>
    <subfield code="W">10</subfield>
  </datafield>
</record>
